|
|
|
|
| LEADER |
00000nam0a2200000 4500 |
| 001 |
359654 |
| 005 |
20231102011217.0 |
| 035 |
|
|
|a (RuTPU)RU\TPU\retro\16934
|
| 090 |
|
|
|a 359654
|
| 100 |
|
|
|a 20201126d1931 m y0rusy50 ca
|
| 101 |
0 |
|
|a rus
|
| 102 |
|
|
|a RU
|
| 105 |
|
|
|a acf z 000zy
|
| 200 |
1 |
|
|a Сочинения
|f Ю. Мархлевский (Карский)
|g Коммунистическая академия ; под ред. Е. А. Преображенского
|h Т. 4 : Политическая экономия
|
| 210 |
|
|
|a Москва
|a Ленинград
|c Соцэкгиз
|d 1931
|
| 215 |
|
|
|a 440 с.
|c ил.
|
| 320 |
|
|
|a Библиогр. в примеч.
|
| 606 |
1 |
|
|a Политическая экономия, буржуазная
|x История
|2 stltpush
|3 (RuTPU)RU\TPU\subj\36632
|9 57943
|
| 610 |
1 |
|
|a физиократия
|
| 610 |
1 |
|
|a Польша
|
| 610 |
1 |
|
|a Капитал
|
| 610 |
1 |
|
|a научные труды
|
| 610 |
1 |
|
|a рецензии
|
| 610 |
1 |
|
|a энергетика
|
| 610 |
1 |
|
|a экономика
|
| 610 |
1 |
|
|a капитализм
|
| 610 |
1 |
|
|a Россия
|
| 610 |
1 |
|
|a марксизм
|
| 610 |
1 |
|
|a народное хозяйство
|
| 610 |
1 |
|
|a золото
|
| 610 |
1 |
|
|a экономические системы
|
| 610 |
1 |
|
|a империализм
|
| 610 |
1 |
|
|a сочинения
|
| 686 |
|
|
|a У02(0)
|v LBC/SL-A
|2 rubbk
|
| 700 |
|
1 |
|a Мархлевский (Карский)
|b Ю.
|g Юлиан
|
| 702 |
|
1 |
|a Преображенский
|b Е. А.
|c российский экономист
|f 1886-1937
|g Евгений Алексеевич
|2 stltpush
|3 (RuTPU)RU\TPU\pers\11519
|4 340
|9 2712
|
| 712 |
0 |
2 |
|a Коммунистическая академия
|c (Москва)
|c (1924-1936)
|2 stltpush
|3 (RuTPU)RU\TPU\col\18859
|9 27228
|
| 801 |
|
1 |
|a RU
|b 63413507
|c 20201126
|
| 942 |
|
|
|c BK
|